Papelo : calcular 2 : 2º curso primaria

Gespeichert in:
Bibliographische Detailangaben
1. Verfasser: Pedro-Viejo García, María Josefa
Weitere Verfasser: Garín, Mercedes
Format: Buch
Sprache:Spanisch
Erschienen: Madrid : SM, D.L.2003
Katalog:MANES:  Suchergebnis im Bibliothekskatalog
Schulbuchspezifische Eigenschaften:
Tags: Tag hinzufügen
Keine Tags, Fügen Sie den ersten Tag hinzu!
Hinzugefügt zu:24.05.2001
Geändert in:07.05.2025

MARC

LEADER 00000cam a2200000 i 4500
005 20250507134601.0
008 010525s2003 espa fp 000 0 spa d
020 |a 8434866153 
040 |a uned  |b spa  |c entro-manes 
100 1 |a Pedro-Viejo García, María Josefa  |9 31367 
245 1 0 |a Papelo :   |b calcular 2 : 2º curso primaria /   |c [autoría, Mª Josefa Pedro-Viejo, Mercedes Garín] 
260 |a Madrid :   |b SM,   |c D.L.2003 
300 |a 48 p. :   |b il. 
546 |a España 
561 |5 es-BUNED  |3 L.T.M. 0657  |a España. Fondo Manes UNED  |k MANES 
690 0 |a MATE 
691 0 |a PRI 
700 1 |a Garín, Mercedes  |9 40262 
942 |2 ddc  |c BK 
999 |c 97883  |d 97883 
999 |c manes:97883  |d 97883